Những điều cần tránh về nhà ở và cuộc sống gia đình hiện đại
Uloženo v:
| Hlavní autor: | |
|---|---|
| Médium: | Kniha |
| Jazyk: | Undetermined |
| Vydáno: |
Hà Nội
Thanh Niên
2000
|
| Témata: | |
| Tagy: |
Přidat tag
Žádné tagy, Buďte první, kdo otaguje tento záznam!
|
| Thư viện lưu trữ: | Trung tâm Học liệu Trường Đại học Cần Thơ |
|---|
| LEADER | 00608nam a2200193Ia 4500 | ||
|---|---|---|---|
| 001 | CTU_37487 | ||
| 008 | 210402s9999 xx 000 0 und d | ||
| 020 | |b 18.500đ | ||
| 082 | |a 640 | ||
| 082 | |b Ng419 | ||
| 100 | |a Ngọc Hiền | ||
| 245 | 0 | |a Những điều cần tránh về nhà ở và cuộc sống gia đình hiện đại | |
| 245 | 0 | |c Ngọc Hiền, Trung Thành | |
| 260 | |a Hà Nội | ||
| 260 | |b Thanh Niên | ||
| 260 | |c 2000 | ||
| 650 | |a family education,home economics | ||
| 904 | |i Minh, 000731 | ||
| 980 | |a Trung tâm Học liệu Trường Đại học Cần Thơ | ||